000 00632nam a22001217a 4500
008 110617t xxu||||| |||| 00| 0 eng d
010 _aCACF54
245 _aThe Court of Appeal Civil Appeal No. 42/98 National Union of Clerical Commercial Professional and Technical Employees Vs Barclays Bank of Uganda LTD.
260 _c1998
500 _aCoram: Hon. Mr. Justice S.T. Manyindo, DCJ. Hon. Mr. Justice J.P. Berko, JA. Hon. Mr. Justice S.G Engwau, JA.
500 _aDated at Kampala this 31st day of March 2000.
999 _c3207
_d3207